Ferdinand Marsteller papers, (Record no. 41894)
[ view plain ]
| 000 -LEADER | |
|---|---|
| fixed length control field | 01209cpcaa2200289 a 4500 |
| 001 - CONTROL NUMBER | |
| control field | mm 79005430 |
| 003 - CONTROL NUMBER IDENTIFIER | |
| control field | DLC |
| 005 - DATE AND TIME OF LATEST TRANSACTION | |
| control field | 20260227111651.0 |
| 008 - FIXED-LENGTH DATA ELEMENTS--GENERAL INFORMATION | |
| fixed length control field | 790820|||||||||||| eng |
| 010 ## - LIBRARY OF CONGRESS CONTROL NUMBER | |
| LC control number | mm 79005430 |
| 040 ## - CATALOGING SOURCE | |
| Original cataloging agency | DLC |
| Transcribing agency | DLC |
| Modifying agency | DLC |
| Description conventions | dacs |
| 072 #7 - SUBJECT CATEGORY CODE | |
| Subject category code | C |
| Source | lcmd |
| 100 1# - MAIN ENTRY--PERSONAL NAME | |
| Personal name | Marsteller, Ferdinand. |
| 245 00 - TITLE STATEMENT | |
| Title | Ferdinand Marsteller papers, |
| Inclusive dates | 1813-1815. |
| 300 ## - PHYSICAL DESCRIPTION | |
| Extent | 11 |
| Type of unit | items. |
| 506 0# - RESTRICTIONS ON ACCESS NOTE | |
| Terms governing access | Open to research. |
| 520 8# - SUMMARY, ETC. | |
| Summary, etc. | Muster roll, pay rolls, receipt rolls, and abstracts of payments and settlements kept by Marsteller as paymaster of an artillery company of the District of Columbia militia, stationed at Fort Washington, Md., during the War of 1812. |
| 545 0# - BIOGRAPHICAL OR HISTORICAL DATA | |
| Biographical or historical data | Militia officer. |
| 546 ## - LANGUAGE NOTE | |
| Language note | Collection material in English. |
| 580 ## - LINKING ENTRY COMPLEXITY NOTE | |
| Linking entry complexity note | Forms part of: Miscellaneous Manuscripts collection. |
| 610 10 - SUBJECT ADDED ENTRY--CORPORATE NAME | |
| Corporate name or jurisdiction name as entry element | District of Columbia. |
| Subordinate unit | Militia. |
| 651 #0 - SUBJECT ADDED ENTRY--GEOGRAPHIC NAME | |
| Geographic name | Fort Washington (Md. : Fort) |
| General subdivision | History. |
| 651 #0 - SUBJECT ADDED ENTRY--GEOGRAPHIC NAME | |
| Geographic name | United States |
| General subdivision | History |
| Chronological subdivision | War of 1812. |
| 656 #7 - INDEX TERM--OCCUPATION | |
| Occupation | Militia officers. |
| Source of term | itoamc |
No items available.